|
|
|
|
| LEADER |
01558nam a2200265 u 4500 |
| 001 |
10075886 |
| 003 |
upatras |
| 005 |
20210426082806.0 |
| 008 |
090717s1991 gr gre |
| 040 |
|
|
|a GR-PaULI
|c GR-PaULI
|
| 041 |
0 |
|
|a gre
|
| 082 |
0 |
4 |
|a 003.1
|
| 100 |
1 |
|
|a Νικολόπουλος, Νίκος
|9 76174
|
| 245 |
1 |
0 |
|a Αναγνώριση συστημάτων
|c Νίκος Νικολόπουλος ; Πανεπιστήμιο Πατρών, Πολυτεχνική Σχολή, Τμήμα Ηλεκτρολόγων Μηχανικών, Εργαστήριο Συστημάτων και Αυτόματου Ελέγχου
|
| 260 |
|
|
|a [Πάτρα]
|b [χ.ό.]
|c [x.x.]
|
| 300 |
|
|
|a 48 σ.
|b πιν.
|c 30 εκ
|
| 504 |
|
|
|a Περιέχει βιβλιογραφία
|
| 650 |
|
4 |
|a Συστήματα
|x Μαθηματικά
|9 39225
|
| 650 |
|
4 |
|a Αναγνώριση συστημάτων
|9 104326
|
| 710 |
2 |
|
|9 2771
|a Πανεπιστήμιο Πατρών
|b Σχολή Επιστημών Υγείας
|b Τμήμα Ιατρικής
|e Πολυτεχνική Σχολή
|e Τμήμα Ηλεκτρολόγων Μηχανικών και Τεχνολογίας Υπολογιστών
|
| 852 |
|
|
|a GR-PaULI
|b ΠΑΤΡΑ
|b ΒΚΠ
|b ΑΝΕ
|k ΔΙΠΛΩΜΑΤΙΚΗ
|h 003.1 ΝΙΚ
|m 12860
|p 025000168781
|t 1
|
| 942 |
|
|
|2 ddc
|c BKTD
|
| 952 |
|
|
|0 0
|1 0
|2 ddc
|4 0
|6 003_100000000000000_ΝΙΚ
|7 0
|9 77332
|a LISP
|b LISP
|d 2016-04-24
|i 12860
|l 0
|o 003.1 ΝΙΚ
|p 025000168781
|r 2016-04-24 00:00:00
|t 1
|w 2016-04-24
|y ERST
|
| 998 |
|
|
|c ΜΠΟΥΡΑΣ
|d 2009-06
|
| 999 |
|
|
|c 51747
|d 51747
|